000 00861aam a2200289 i 4500
001 235
003 CO-MdBIC
005 20211016120726.0
008 211016t1979 sp ||||| |||| 00| 0 eng d
020 _a84-7228-447-6
040 _bspa.
_aCO-MdFUSB
_cCO-MdFUSB
_dCO-MdFUSBC
_erda
041 _aspa
082 0 4 _aR 270 V695e
100 1 _aVila Ventura, Samuel (1902-)
245 1 0 _aEnciclopedia ilustrada de la historia de la Iglesia / Samuel Vila, Darío A. SantaMaría
_c/
260 _aBarcelona, España : CLIE
264 1 _aBarcelona, España :
_bClie,
_c[1979]
264 4 _c© 1979
300 _a579 Pag.
_c;
336 _2rdacontent
_atexto
_btxt
337 _2rdamedia
_asin mediación
_bn
338 _2rdacarrier
_avolumen
_bnc
653 _aEnciclopedia ilustrada
653 _aHistoria de la iglesia
942 _cBK
945 _aEstudiante
999 _c31772
_d31772